Littérature par lettre - F - Statistiques

Statistiques générales
  • Ce quiz a été pris 207 fois
  • Le résultat moyen est 9 sur 15
Statistiques - réponses
Questions Réponses % Correct
Quelle célèbre adolescente, décédée durant la Seconde Guerre Mondiale, est restée célèbre pour la création d'un journal intime ? Anne Frank
99%
Quel auteur réaliste français a écrit 'Education Sentimentale" ainsi que "Madame Bovary" ? Gustave Flaubert
97%
Quel livre de Mary Shelley raconte l'histoire d'un scientifique créant un monstre ? Frankenstein
94%
Quel psychanaliste autrichien a développé le concept du surmoi, ou encore du ça ? Sigmund Freud
92%
Quel recueil de poèmes est l'oeuvre principale de Charles Baudelaire ? Les Fleurs du Mal
88%
Quel personnage d'Astérix est une jolie femme dont Obelix est amoureux ? Falbala
85%
Quel genre littéraire est un court récit visant à illustrer une leçon de vie ? Fable
71%
Quel est le prénom du frère jumeau de George dans Harry Potter ? Fred
69%
Quel prénom porte la mère de Cosette dans "Les Misérables" ? Fantine
60%
Quel registre littéraire représente une oeuvre transgressant le réel, avec une irruption d'événements surnaturels inquiétants dans le quotidien ? Fantastique
55%
Quel roman de Ray Bradbury, du genre dystopique dans lequel est présentée une société américaine où les livres sont interdits ? Fahrenheit 451
47%
Quel écrivain français a écrit "Les Aventures de Télémaque" ? Fénelon
16%
Quel écrivain français, Prix Nobel en 1921, a écrit "Le Crime de Sylvestre Bonnard" ? Anatole France
14%
Quel auteur français a écrit "Le Bossu", aventure de cape et d'épée ? Paul Féval
12%
Quel homme d'Eglise et poète français a notamment écrit "Le Voyage de Mercure" ? Antoine Furetière
2%
Aucun quiz correspondant
Distribution des résultats
% des personnes avec chaque résultat
Percentile par nombre de réponses
Votre historique - résultats
Vous n’avez pas pris ce quiz